000 01008nam a2200253Ia 4500
003 OSt
005 20221002045751.0
006 a|||||r|||| 00| 0
007 ta
008 220930b |||||||| |||| 00| 0 hin d
020 _a9788170168690 (hbk)
_c1800
024 _a105457
037 _b12956, 18/03/2011, Kitab Ghar
_cReference Collections
040 _aCRL
_cCRL
_bhin
041 _2hin
_ahin
082 _aR4k, 152P9.1-.6(RR)
100 _aमिश्र, कृष्णगोपाल
245 0 _aमानव - मूल्य व्याख्या कोश
260 _aनयी
_bदिल्ली किताबघर प्रकाशन
_c2009
490 _vभाग 1
700 _a मैनी, धर्मपाल, संपा.
942 _hR4k, 152P9.1-.6(RR)
_cref
_2CC
999 _c913140
_d913140